000 00260nam a2200121Ia 4500
008 190216s9999||||xx |||||||||||||| ||und||
100 _aEugene P Odum
245 0 _aEcology
260 _bAmerind Oub Co
_c1963
300 _a152p
650 _aBotany
942 _cBK
999 _c1324
_d1324